Law in the pursuit of development : principles into practice? / (Record no. 436)

000 -LEADER
fixed length control field 02370cam a22002534a 4500
001 - CONTROL NUMBER
control field 15770986
003 - CONTROL NUMBER IDENTIFIER
control field OSt
005 - DATE AND TIME OF LATEST TRANSACTION
control field 20140116120827.0
008 - FIXED-LENGTH DATA ELEMENTS--GENERAL INFORMATION
fixed length control field 090610s2010 enk b 001 0 eng
010 ## - LIBRARY OF CONGRESS CONTROL NUMBER
LC control number 2009023875
020 ## - INTERNATIONAL STANDARD BOOK NUMBER
International Standard Book Number 9780415589628
040 ## - CATALOGING SOURCE
Original cataloging agency DLC
Transcribing agency DLC
050 00 - LIBRARY OF CONGRESS CALL NUMBER
Classification number K3820.L38 2010
245 00 - TITLE STATEMENT
Title Law in the pursuit of development : principles into practice? /
Statement of responsibility, etc edited by Amanda Perry Kessaris.
260 ## - PUBLICATION, DISTRIBUTION, ETC. (IMPRINT)
Place of publication, distribution, etc Anbingdon, Oxon [UK] :
Name of publisher, distributor, etc Routledge Taylor and Francis,
Date of publication, distribution, etc 2010.
300 ## - PHYSICAL DESCRIPTION
Extent xx, 292 p.
504 ## - BIBLIOGRAPHY, ETC. NOTE
Bibliography, etc Includes bibliographical references and index.
505 0# - FORMATTED CONTENTS NOTE
Formatted contents note Political consumption : possibilities and challenges / Sally Wheeler -- Engendering responsibility in global markets : valuing the women of Kenya's agricultural sector / Ann Stewart -- Access to medicines versus protection of investments in intellectual property : reconciliation through interpretation / Valentina Sara Vadi -- Development, cultural self-determination and the World Trade Organization / Fiona Macmillan -- Liberalisation and environmental legislation in India / Kanchi Kohli and Manju Menon -- Accountability mechanisms of multilateral development banks : powers, complications, enhancements / Suresh Nanwani -- Community participation in biodiversity conservation : emerging localities of tension / Andreas Kotsakis -- Stock exchanges in East Africa : something borrowed, something new? / June McLaughlin -- Rule of law assistance discourse and practice : Japanese inflections / Veronica Taylor -- Rule of law or Washington consensus : the evolution of the World Bank's approach to legal and judicial reform / Julio Faundez -- With friends like these : can multilateral development banks promote institutional development to strengthen the rule of law / Linn Hammergren -- World Bank rule of law assistance in fragile states : developments and perspectives / Klaus Decker -- Assessing the sociocultural viability of rule of law policies in post-conflict societies : culture clash / Dzenan Sahovic -- Land and power in Afghanistan : in pursuit of law and justice? / Patrick McAuslan.
650 #0 - SUBJECT ADDED ENTRY--TOPICAL TERM
Topical term or geographic name as entry element Law and economic development.
700 1# - ADDED ENTRY--PERSONAL NAME
Personal name Perry-Kessaris, Amanda.
906 ## - LOCAL DATA ELEMENT F, LDF (RLIN)
a 7
b cbc
c orignew
d 1
e ecip
f 20
g y-gencatlg
942 ## - ADDED ENTRY ELEMENTS (KOHA)
Source of classification or shelving scheme
Koha item type Book
Holdings
Withdrawn status Lost status Source of classification or shelving scheme Damaged status Not for loan Home library Current library Date acquired Source of acquisition Total Checkouts Full call number Barcode Date last seen Date checked out Copy number Price effective from Koha item type
          Riara University Library Riara University Library 19/10/2011 Purchase 3 K3820.L38 2010 780/11 21/10/2022 13/09/2021 C.1 19/10/2011 Book
          Riara University Library Riara University Library 19/10/2011 Purchase   K3820.L38 2010 992/11 19/10/2011   C.2 19/10/2011 Book
          Riara University Library Riara University Library 19/10/2011 Purchase 1 K3820.L38 2010 993/11 21/01/2025 27/11/2024 C.3 19/10/2011 Book

Riara University Library,
P.O. Box 49940-00100,
Nairobi, Kenya.